书目信息 |
| 题名: |
云计算与网络安全研究
|
|
| 作者: | 杜彩凤 著 | |
| 分册: | ||
| 出版信息: | 北京 北京工业大学出版社 2021.5 |
|
| 页数: | 172页 | |
| 开本: | 24cm | |
| 丛书名: | ||
| 单 册: | ||
| 中图分类: | TP393.027 , TP393.08 | |
| 科图分类: | ||
| 主题词: | 云计算--研究 , 计算机网络--网络安全--研究 | |
| 电子资源: | ||
| ISBN: | 978-7-5639-6897-8 | |
| 000 | 00892nam0 2200253 45 | |
| 001 | 012001001857 | |
| 005 | 20140912150904.0 | |
| 010 | @a978-7-5639-6897-8@dCNY48.00 | |
| 100 | @a20200116d2019 em y0chiy50 ea | |
| 101 | 0 | @achi |
| 102 | @aCN@b110000 | |
| 105 | @ay z 000yy | |
| 106 | @ar | |
| 200 | 1 | @a云计算与网络安全研究@Ayun ji suan yu wang luo an quan yan jiu@b专著@f杜彩凤著 |
| 210 | @a北京@c北京工业大学出版社@d2021.5 | |
| 215 | @a172页@d24cm | |
| 330 | @a本书共分八章,内容包括:计算机网络安全概述、云计算理论研究、计算机病毒及其防范措施、计算机网络操作系统安全、网络信息安全管理体系、云应用安全与数据安全、云计算安全分析与安全体系等。 | |
| 606 | 0 | @a云计算@x研究 |
| 606 | 0 | @a计算机网络@x网络安全@x研究 |
| 690 | @aTP393.027@v5 | |
| 690 | @aTP393.08@v5 | |
| 701 | 0 | @a杜彩凤@Adu cai feng@4著 |
| 801 | 0 | @aCN@bBJSDL@c20211011 |
| 905 | @b1337487-90@dTP393.027@e1538@f4 | |
| 云计算与网络安全研究/杜彩凤著.-北京:北京工业大学出版社,2021.5 |
| 172页;24cm |
| ISBN 978-7-5639-6897-8:CNY48.00 |
| 本书共分八章,内容包括:计算机网络安全概述、云计算理论研究、计算机病毒及其防范措施、计算机网络操作系统安全、网络信息安全管理体系、云应用安全与数据安全、云计算安全分析与安全体系等。 |
| ● |
| 相关链接 |
|
|
|
|
正题名:云计算与网络安全研究
索取号:TP393.027/1538
 
预约/预借
| 序号 | 登录号 | 条形码 | 馆藏地/架位号 | 状态 | 备注 |
| 1 | 1337487 | 213374873 | 第二样本阅览室/ [索取号:TP393.027/1538] | 在馆 | |
| 2 | 1337488 | 213374882 | 第三借阅区/ [索取号:TP393.027/1538] | 在馆 | |
| 3 | 1337489 | 213374891 | 第三借阅区/ [索取号:TP393.027/1538] | 在馆 | |
| 4 | 1337490 | 213374908 | 第三借阅区/ [索取号:TP393.027/1538] | 在馆 |